| 000 | 00962cam a2200253 i 4500 | ||
|---|---|---|---|
| 003 | SA-RiAUC | ||
| 005 | 20250707155926.0 | ||
| 008 | 250706s2010 su g 000r0 ara c | ||
| 020 | _a9786030037384 | ||
| 040 |
_aSA-RiSU _bara _cSA-RiAUC _erda |
||
| 082 | 0 | 4 |
_a214.0012 _bا م ب |
| 090 |
_a214.0012 _bذ هـ ب |
||
| 100 | 1 |
_aالذهبي، محمد بن أحمد بن عثمان، _d673-748 هجري _eمؤلف. |
|
| 245 | 1 | 0 |
_aبيان زغل العلم / _cالذهبي ؛ حققه محمد بن عبد الله أحمد. |
| 250 | _aالطبعة الأولى. | ||
| 264 | 1 |
_aالمدينة المنورة : _bدار المأمون للتراث، _c2010 |
|
| 300 |
_a168 صفحة ؛ _c24 سم |
||
| 336 |
_aنص _btxt _2rdacontent _3كتاب |
||
| 337 |
_aبدون وسيط _bn _2rdamedia |
||
| 338 |
_aمجلد _bnc _2rdacarrier |
||
| 650 | 7 |
_aالإسلام والعلوم _2aucsh |
|
| 942 |
_2ddc _cBOOK _n0 |
||
| 949 |
_aSA-JeALM _d250706 _umohamedma123 _n1 |
||
| 999 |
_c9562 _d9562 |
||